000 00206nam a2200085 4500
999 _c531698
_d531698
040 _cDLC
082 _a624.15
_bKHA
245 _aImprovement of soft soil characteristics using stone columns
942 _2ddc
_cBK